Prison regimes: study prepared by the Select Committee of Experts on Prison Regimes and Prison Leave

Saved in:  
Bibliographic Details
Corporate Author: Europarat (Other)
Format: Print Book
Language:English
Published: Strasbourg European Committee on Crime Problems 1986
In:Year: 1986
Availability in Tübingen:Present in Tübingen.
IFK: P IV 277
UB: KB 7 E 759
Check availability: HBZ Gateway
Subito Delivery Service: Order now.

MARC

LEADER 00000cam a22000002c 4500
001 1091477795
003 DE-627
005 20220514125039.0
007 tu
008 900831s1986 xx ||||| 00| ||eng c
024 8 |a CDPC (84) 8 rev. addendum VI  |q Sonstige Nr. 
035 |a (DE-627)1091477795 
035 |a (DE-576)021477795 
035 |a (DE-599)BSZ021477795 
035 |a (OCoLC)311317717 
040 |a DE-627  |b ger  |c DE-627  |e rakwb 
041 |a eng 
245 0 0 |a Prison regimes  |b study prepared by the Select Committee of Experts on Prison Regimes and Prison Leave  |c [Council of Europe] 
264 1 |a Strasbourg  |b European Committee on Crime Problems  |c 1986 
300 |a 33 S. 
336 |a Text  |b txt  |2 rdacontent 
337 |a ohne Hilfsmittel zu benutzen  |b n  |2 rdamedia 
338 |a Band  |b nc  |2 rdacarrier 
583 1 |a Archivierung prüfen  |c 20200919  |f DE-640  |z 3  |2 pdager 
710 2 |a Europarat  |0 (DE-588)36821-0  |0 (DE-627)10084457X  |0 (DE-576)190348828  |4 oth 
951 |a BO 
ELC |b 1 
LOK |0 000 xxxxxcx a22 zn 4500 
LOK |0 001 2150179652 
LOK |0 003 DE-627 
LOK |0 004 1091477795 
LOK |0 005 20020307000000 
LOK |0 008 900831||||||||||||||||ger||||||| 
LOK |0 040   |a DE-21  |c DE-627  |d DE-21 
LOK |0 852   |a DE-21 
LOK |0 852 1  |c KB 7 E 759  |9 00 
LOK |0 935   |a krim 
LOK |0 936ln  |a k1 
LOK |0 939   |a 31-08-90  |b l01 
LOK |0 000 xxxxxcx a22 zn 4500 
LOK |0 001 2150179660 
LOK |0 003 DE-627 
LOK |0 004 1091477795 
LOK |0 005 20020607000000 
LOK |0 008 930617||||||||||||||||ger||||||| 
LOK |0 040   |a DE-21-110  |c DE-627  |d DE-21-110 
LOK |0 852   |a DE-21-110 
LOK |0 852 1  |c P IV 277  |m p  |9 00 
LOK |0 935   |a k110 
LOK |0 936ln  |a 12.1 
LOK |0 938   |k p 
LOK |0 939   |a 17-06-93  |b l01 
ORI |a SA-MARC-krimdoka001.raw 
SIG |a IFK: P IV 277 
SIG |a UB: KB 7 E 759